Notas sobre Paris / (Record no. 154742)

MARC details
000 -LEADER
campo de control de longitud fija 01086nam a22002535i 4500
001 - NÚMERO DE CONTROL
campo de control 154742
003 - IDENTIFICADOR DE NÚMERO DE CONTROL
campo de control ES-MaACL
005 - FECHA Y HORA DE LA ÚLTIMA TRANSACCIÓN
campo de control 20251013214051.0
008 - DATOS DE LONGITUD FIJA--INFORMACIÓN GENERAL
campo de control de longitud fija 940301s1900 sp |||| | spa d
040 ## - FUENTE DE CATALOGACIÓN
Centro catalogador/agencia de origen CAM
Lengua de catalogación spa
100 1# - ENTRADA PRINCIPAL--NOMBRE DE PERSONA
Nombre de persona Graindorge, M. Frederic-Thomas.
9 (RLIN) 127526
245 10 - MENCIÓN DEL TÍTULO
Título Notas sobre Paris /
Mención de responsabilidad, etc. Vida y opiniones de Federico Tomás Graindorge... ; coleccionadas y publicadas por H. Taine ; traducidas al castellano por Antonio Salazar.
260 ## - PUBLICACIÓN, DISTRIBUCIÓN, ETC.
Lugar de publicación, distribución, etc. Madrid :
Nombre del editor, distribuidor, etc. La España Moderna,
Fecha de publicación, distribución, etc. 1900 (
Fabricante Aurial)
300 ## - DESCRIPCIÓN FÍSICA
Extensión 2 h., 303 p. ;
Dimensiones 23 cm.
490 1# - MENCIÓN DE SERIE
Mención de serie Biblioteca de Jurisprudencia, Filosofía e Historia
700 11 - ENTRADA AGREGADA--NOMBRE PERSONAL
Nombre de persona Graindorge, Federico Tomás.
9 (RLIN) 127524
700 11 - ENTRADA AGREGADA--NOMBRE PERSONAL
Nombre de persona Taine, Hippolyte,
Fechas asociadas al nombre 1828-1893
Término indicativo de función/relación
9 (RLIN) 109085
700 11 - ENTRADA AGREGADA--NOMBRE PERSONAL
Nombre de persona Salazar, Antonio,
Término indicativo de función/relación
9 (RLIN) 101801
710 2# - ENTRADA AGREGADA--NOMBRE DE ENTIDAD CORPORATIVA
Nombre de entidad corporativa o nombre de jurisdicción como elemento de entrada La España Moderna,
Término indicativo de función/relación
9 (RLIN) 134611
752 ## - ENTRADA AGREGADA--NOMBRE JERÁRQUICO DEL LUGAR
País o entidad superior España -
Ciudad , Madrid
830 00 - PUNTO DE ACCESO ADICIONAL DE SERIE-TÍTULO UNIFORME
Título uniforme Biblioteca de jurisprudencia, filosofía e historia
9 (RLIN) 180691
852 ## - LOCALIZACIÓN
Ubicación ES-MaACL
Número de control de estantería F-14855
Nota libre -- Enc. pasta española
Encuadernación -- T260: El impresor es Avrial, no Aurial
Holdings
Estatus retirado Estado de pérdida Estado de daño No para préstamo Colección Biblioteca de origen Biblioteca actual Ubicación en estantería Fecha de adquisición Fuente de adquisición Total de préstamos Signatura topográfica completa Código de barras Visto por última vez Precio de reemplazo Tipo de ítem Koha
        Libros del s. XIX Biblioteca del Ateneo de Madrid Biblioteca del Ateneo de Madrid Sala Pecera Planta 2 17/01/2008     F-14855 1161850 23/02/2023 23/02/2023 Libro impreso antiguo